[Event "BL 0203 Erfurter SK - SC Forchheim"]
[Site "?"]
[Date "2003.03.09"]
[Round "13.2"]
[White "Votava, Jan"]
[Black "Jansa, Vlastimil"]
[Result "1-0"]
[WhiteElo "2518"]
[BlackElo "2500"]
[PlyCount "80"]
[EventDate "2003.??.??"]

1. c4 g6 2. Nc3 c5 3. e3 Bg7 4. Nf3 Nf6 5. d4 O-O 6. Be2 cxd4 7. Nxd4 Nc6 8.
O-O d6 9. Nxc6 bxc6 10. e4 Rb8 11. Qc2 Nd7 12. Be3 Qa5 13. Bd2 Nc5 14. b3 Ne6
15. Rac1 Nd4 16. Qd3 f5 17. Bd1 fxe4 18. Nxe4 Qf5 19. Qe3 c5 20. h3 Bb7 21. Ng3
Qd7 22. Bg4 Qc6 23. Be6+ Kh8 24. Bd5 Qa6 25. Qxe7 Bxd5 26. cxd5 Qxa2 27. Bc3
Qxb3 28. Qxd6 Qb6 29. Qe7 Rbe8 30. Qd7 Rd8 31. Qe7 Rfe8 32. Qf7 Rf8 33. Qe7 Qd6
34. Qxa7 Ra8 35. Qb7 Rab8 36. Qa7 Qxd5 37. Rfe1 Ra8 38. Qe7 Ra2 39. Ne4 c4 40.
Rcd1 Ne2+ 1-0

[Event "BL 0203 Erfurter SK - SC Forchheim"]
[Site "?"]
[Date "2003.03.09"]
[Round "13.3"]
[White "Jirovsky, Milos"]
[Black "Casper, Thomas"]
[Result "1/2-1/2"]
[WhiteElo "2457"]
[BlackElo "2391"]
[PlyCount "88"]
[EventDate "2003.??.??"]

1. Nf3 Nf6 2. c4 d6 3. d4 Nbd7 4. Nc3 e5 5. e4 g6 6. g3 Bg7 7. Bg2 O-O 8. O-O
c6 9. h3 Qe7 10. Re1 Re8 11. Rb1 a6 12. Be3 Qf8 13. d5 c5 14. b4 Bh6 15. a3
Bxe3 16. Rxe3 Qh6 17. Nd2 Rf8 18. Na4 b6 19. bxc5 Nxc5 20. g4 Nfd7 21. Nxb6 Rb8
22. Na4 Rxb1 23. Nxb1 f5 24. exf5 gxf5 25. gxf5 Nxa4 26. Qxa4 Nc5 27. Qc6 Bxf5
28. Nd2 Qf6 29. Qc7 e4 30. Nf1 Bg6 31. f3 Qd4 32. Qxd6 exf3 33. Bh1 Bd3 34. Qe5
Qxe5 35. Rxe5 f2+ 36. Kh2 Bxc4 37. d6 Nd3 38. Rg5+ Kh8 39. Kg3 Nf4 40. Bg2 h6
41. Rg4 Ne2+ 42. Kh2 Bb5 43. Rg6 Kh7 44. Re6 Nf4 1/2-1/2

[Event "BL 0203 Erfurter SK - SC Forchheim"]
[Site "?"]
[Date "2003.03.09"]
[Round "13.4"]
[White "Paehtz, Thomas"]
[Black "Heidrich, Manfred"]
[Result "1-0"]
[WhiteElo "2459"]
[BlackElo "2415"]
[PlyCount "51"]
[EventDate "2003.??.??"]

1. e4 c5 2. Nc3 Nc6 3. Nge2 e5 4. Nd5 g6 5. Nec3 Bg7 6. Nb5 Rb8 7. Nd6+ Kf8 8.
Bc4 Nd4 9. c3 Ne6 10. d4 cxd4 11. O-O Nf6 12. cxd4 Nxd5 13. Bxd5 Qc7 14. dxe5
Bxe5 15. Nxf7 Kxf7 16. f4 Bf6 17. f5 Kg7 18. fxe6 dxe6 19. Rxf6 Kxf6 20. Qd4+
e5 21. Qf2+ Kg7 22. Bg5 Qb6 23. Be3 Qc7 24. Rf1 Bf5 25. exf5 Rhf8 26. f6+ 1-0

[Event "BL 0203 Erfurter SK - SC Forchheim"]
[Site "?"]
[Date "2003.03.09"]
[Round "13.5"]
[White "Bartsch, Berthold"]
[Black "Mueller, Matthias"]
[Result "1/2-1/2"]
[WhiteElo "2320"]
[BlackElo "2403"]
[PlyCount "81"]
[EventDate "2003.??.??"]

1. Nc3 Nf6 2. d4 d5 3. Bg5 Nbd7 4. Nf3 e6 5. e4 h6 6. Bh4 g5 7. Bg3 Nxe4 8.
Nxe4 dxe4 9. Nd2 Bg7 10. h4 Bxd4 11. hxg5 Bxb2 12. gxh6 Nc5 13. Rb1 Bc3 14. Bf4
e5 15. Be3 Bd4 16. Qh5 Be6 17. Bg5 Qd6 18. Rd1 Bf5 19. Bc4 Qg6 20. Qh4 Rh7 21.
Nb3 Nxb3 22. cxb3 c6 23. g4 Be6 24. Be2 Kd7 25. Bf6 Kc7 26. Rxd4 exd4 27. Be5+
Kd7 28. Bxd4 Re8 29. Bxa7 e3 30. Bxe3 Bd5 31. Rh3 Qb1+ 32. Bd1 Be4 33. Qf6 Kc8
34. Qc3 f6 35. Qc1 Qxa2 36. Qd2 Qa1 37. Qc1 Qa5+ 38. Qd2 Qa1 39. Qc1 Qa5+ 40.
Qd2 Qa1 41. Qc1 1/2-1/2

[Event "BL 0203 Erfurter SK - SC Forchheim"]
[Site "?"]
[Date "2003.03.09"]
[Round "13.6"]
[White "Enders, Peter"]
[Black "Zwanzger, Johannes"]
[Result "0-1"]
[WhiteElo "2524"]
[BlackElo "2268"]
[PlyCount "84"]
[EventDate "2003.??.??"]

1. e4 c5 2. Nf3 e6 3. b3 a6 4. Bb2 Nc6 5. g3 d6 6. Bg2 e5 7. O-O g6 8. c3 Bg7
9. d4 Qc7 10. Nbd2 Nf6 11. Qc2 O-O 12. Rad1 b5 13. Rfe1 Bb7 14. Nf1 Rac8 15.
Qb1 Rfe8 16. d5 Nb8 17. c4 Nbd7 18. Ne3 Nb6 19. Bf1 b4 20. Bd3 Qe7 21. Nh4 Rcd8
22. Neg2 Nh5 23. Rf1 Bc8 24. f4 exf4 25. gxf4 Bh3 26. Rde1 Nd7 27. Bxg7 Nxg7
28. Re3 Bxg2 29. Nxg2 f6 30. Rfe1 Qf7 31. Qc2 Re7 32. Nh4 Rde8 33. Qe2 f5 34.
Ng2 fxe4 35. Bxe4 Qf6 36. Kh1 Qd4 37. Rd1 Rxe4 38. Rxd4 Rxe3 39. Qg4 Nf6 40.
Qh4 cxd4 41. Qxf6 Nf5 42. c5 Rc3 0-1

[Event "BL 0203 Erfurter SK - SC Forchheim"]
[Site "?"]
[Date "2003.03.09"]
[Round "13.7"]
[White "Niedermaier, Hans"]
[Black "Brueggemann, Joachim"]
[Result "0-1"]
[WhiteElo "2271"]
[BlackElo "2412"]
[PlyCount "50"]
[EventDate "2003.??.??"]

1. e4 c5 2. Nf3 Nc6 3. d4 cxd4 4. Nxd4 Nf6 5. Nc3 d6 6. Bg5 e6 7. Qd2 h6 8.
Bxf6 gxf6 9. O-O-O a6 10. Kb1 Bd7 11. Be2 h5 12. f4 Qb6 13. Nxc6 Bxc6 14. f5
O-O-O 15. fxe6 fxe6 16. Qf4 Be7 17. h4 Kb8 18. g4 hxg4 19. Bxg4 f5 20. exf5
Bxh1 21. Rxh1 Bf6 22. Na4 Qc6 23. Bf3 e5 24. Qg4 d5 25. b3 Qd6 0-1

[Event "BL 0203 Erfurter SK - SC Forchheim"]
[Site "?"]
[Date "2003.03.09"]
[Round "13.8"]
[White "Voekler, Bernd"]
[Black "Bade, Joern"]
[Result "1-0"]
[WhiteElo "2382"]
[BlackElo "2267"]
[PlyCount "81"]
[EventDate "2003.??.??"]

1. e4 c5 2. Nf3 Nc6 3. d4 cxd4 4. Nxd4 Nf6 5. Nc3 e5 6. Ndb5 d6 7. Bg5 a6 8.
Na3 b5 9. Bxf6 gxf6 10. Nd5 f5 11. Bd3 Be6 12. O-O Bxd5 13. exd5 Ne7 14. c3 Bg7
15. Qh5 e4 16. Bc2 Qc8 17. Rad1 O-O 18. Rfe1 Qc5 19. g4 Rae8 20. b4 Qxc3 21.
gxf5 Nxd5 22. Qh4 Qxb4 23. Bb3 Nf6 24. Nc2 Qc5 25. Ne3 Re5 26. Kh1 Rxf5 27. Rg1
Kh8 28. Nxf5 Qxf5 29. Rg2 d5 30. Rdg1 Rg8 31. Bd1 h6 32. Rg5 Qh7 33. Rxg7 Qxg7
34. Rxg7 Kxg7 35. Bb3 Re8 36. Qg3+ Kh7 37. Qd6 Re6 38. Qd8 Ng4 39. Bxd5 Rg6 40.
Qh4 f5 41. h3 1-0